[Event "Rio de Janeiro Estadual U20"]
[Site "Rio de Janeiro"]
[Date "2000.04.09"]
[Round "?"]
[White "Lebedenco, Nicolas"]
[Black "Vilela, Vinicius"]
[Result "0-1"]
[WhiteElo "1467"]
[BlackElo "1888"]
[PlyCount "74"]
[EventDate "2000.04.??"]
[EventType "tourn"]
[EventRounds "6"]
[EventCountry "BRA"]
[SourceTitle "EXT 2005"]
[Source "ChessBase"]
[SourceDate "2004.11.15"]
[SourceVersion "1"]
[SourceVersionDate "2004.11.15"]
[SourceQuality "1"]

1. e4 e6 2. d4 d5 3. e5 c5 4. c3 Nc6 5. Bd3 cxd4 6. cxd4 Nxd4 7. Qa4+ Nc6 8. Bb5 Bd7 9. Be3 Qa5+ 10. Qxa5 Nxa5 11. Bxd7+ Kxd7 12. Nd2 Bb4 13. a3 Nb3 14. Rd1 Bxd2+ 15. Bxd2 Nxd2 16. Kxd2 Ne7 17. Ne2 Rac8 18. Rc1 Nc6 19. f4 Na5 20. Nd4 Rc4 21. Rxc4 Nxc4+ 22. Ke2 a6 23. b3 Nxa3 24. Ra1 Nb5 25. Nxb5 axb5 26. Rc1 Rc8 27. Rxc8 Kxc8 28. b4 f5 29. h3 Kd7 30. g4 fxg4 31. hxg4 h6 32. Ke3 g6 33. Kd4 b6 34. f5 gxf5 35. gxf5 h5 36. f6 h4 37. Ke3 d4+ 0-1